000 00504nam a22001817a 4500
005 20251108172337.0
008 250721s1988 xx 000 0 ara d
082 1 4 _a333.190962/أزم
100 1 _aسعيد، رشيد
245 1 0 _aأزمة مياه النيل إلى أين /
264 1 _aالقاهرة :
_bمركز البحوث العربية،
_c1988.
300 _a122ص
650 1 7 _aالمياه
650 1 7 _aمصر
650 1 7 _aنهر النيل
942 _2ddc
_cBK
999 _c76778
_d76778